Estudios sobre derechos fundamentales (Record no. 142603)

MARC details
000 -LEADER
fixed length control field 00561nam a22001937a 4500
005 - DATE AND TIME OF LATEST TRANSACTION
control field 20230529113312.0
008 - FIXED-LENGTH DATA ELEMENTS--GENERAL INFORMATION
fixed length control field 230303b ||||| |||| 00| 0 eng d
020 ## - INTERNATIONAL STANDARD BOOK NUMBER
International Standard Book Number 8474444438
050 04 - LIBRARY OF CONGRESS CALL NUMBER
Classification number KKT2460
Item number P75 1990
100 1# - MAIN ENTRY--PERSONAL NAME
Personal name Prieto Sanchis, Luis
245 10 - TITLE STATEMENT
Title Estudios sobre derechos fundamentales
Statement of responsibility, etc / Luis Prieto Sanchis.
250 ## - EDITION STATEMENT
Edition statement 1a ed.
260 ## - PUBLICATION, DISTRIBUTION, ETC. (IMPRINT)
Place of publication, distribution, etc Madrid :
Name of publisher, distributor, etc Debate,
Date of publication, distribution, etc 1990
300 ## - PHYSICAL DESCRIPTION
Extent 267 p. ;
Dimensions 23 cm.
504 ## - BIBLIOGRAPHY, ETC. NOTE
Bibliography, etc Incluye bibliografía
650 #7 - SUBJECT ADDED ENTRY--TOPICAL TERM
Source of heading or term lemb
Topical term or geographic name as entry element Derechos humanos
650 #7 - SUBJECT ADDED ENTRY--TOPICAL TERM
Source of heading or term lemb
Topical term or geographic name as entry element Derechos civiles
Geographic subdivision España
942 ## - ADDED ENTRY ELEMENTS (KOHA)
Source of classification or shelving scheme Biblioteca del Cogreso de los Estados Unidos
Koha item type Libro
Holdings
Estado de pérdida Fuente de clasificación Estado del daño No para préstamo Ubicación permanente Ubicación actual Apartado o colección Fecha de adquisición Fuente de adquisición Edición Área del conocimiento Total Checkouts Clasificación Código de Barras Date last seen Número de copia Costo por reposición Tipo de recurso
  Biblioteca del Cogreso de los Estados Unidos     Biblioteca del Posgrado en Derecho Biblioteca del Posgrado en Derecho Colección Ernesto Villanueva 13/03/2023 Donación 1a ed. Ciencias Sociales y Administrativas   KKT2460 P75 1990 BPD000001835 13/03/2023 1 1.00 Libro